|
|
|
|
| LEADER |
00000nam a2200000 4500 |
| 001 |
vtls012159088 |
| 003 |
SK-MaSNL |
| 005 |
20260302025545.0 |
| 008 |
230124s1896 fr 0 0n0 fre |
| 015 |
|
|
|a SNBHFA
|
| 040 |
|
|
|a SNKHF
|b slo
|c SNKHF
|e rda
|
| 041 |
0 |
|
|a fre
|
| 044 |
|
|
|a fr
|c FR
|
| 072 |
|
7 |
|a 821.133.1
|x Francúzska literatúra, francúzsky písaná
|2 konspekt
|
| 080 |
|
|
|a 821.133.1
|2 2011
|
| 100 |
1 |
|
|a Zola, Émile,
|d 1840-1902
|4 aut
|9 107807
|
| 245 |
1 |
0 |
|a Rome
|c Par Émile Zola
|
| 264 |
|
1 |
|a Paris
|b Bibliothèque-Charpentier G. Charpentier Et E. Fasqquelle, Éditeur
|c 1896
|
| 264 |
|
3 |
|a Paris
|b L.-Imprimeris réunies
|c 1896
|
| 300 |
|
|
|a 751 strán
|c 17 cm
|
| 336 |
|
|
|a text
|b txt
|2 rdacontent
|
| 337 |
|
|
|a bez média
|b n
|2 rdamedia
|
| 338 |
|
|
|a zväzok
|b nc
|2 rdacarrier
|
| 490 |
1 |
|
|a Les Trois Villes
|
| 546 |
|
|
|a Francúzština
|b Antikva
|
| 561 |
|
|
|a Exlibris: Szepes-Görgői Könyvtár.
|5 SNK ID 103179
|
| 561 |
|
|
|a Okrúhla pečiatka: Szepes-Görgő.
|5 SNK ID 103179
|
| 561 |
|
|
|a Rukopisný provenienčný záznam na titulnom liste: Anna Csáky.
|5 SNK ID 103179
|
| 650 |
0 |
7 |
|a francúzska literatúra
|2 SNKPH
|9 1186
|
| 650 |
0 |
7 |
|a próza
|2 SNKPH
|9 1490
|
| 700 |
1 |
|
|a Čákiová, Anna,
|d 1854-1927
|4 fmo
|9 220570
|
| 710 |
2 |
|
|a Knižnica Čákiovcov (Spišský Hrhov, Slovensko)
|4 fmo
|9 261844
|
| 752 |
|
|
|a Francúzsko
|d Paríž
|
| 830 |
|
0 |
|a Les Trois Villes
|9 675008
|
| 852 |
|
|
|a snk
|b Historické fondy
|p ID 103179
|
| 958 |
|
|
|a DF
|
| 958 |
|
|
|a ONDV
|
| 999 |
|
|
|c 1044621
|d 1046551
|
| 952 |
|
|
|t SG 81/91
|a SNK
|b SNK
|c SNK_HF
|y PREZ
|7 0
|p 17A1485990
|o snkID 103179
|i snk2023/1371
|8 5
|0 0
|1 0
|4 0
|d 2023-01-24
|l 0
|r 2026-02-24 14:35:52
|w 2026-02-24
|